Civil aircraft accidents 1970 (Record no. 498641)

000 -LEADER
fixed length control field 00533cam a22001097a 4500
008 - FIXED-LENGTH DATA ELEMENTS--GENERAL INFORMATION
fixed length control field 180718b xxu||||| |||| 00| 0 eng d
082 ## - DEWEY DECIMAL CLASSIFICATION NUMBER
Classification number W67x54 In2/1970
245 ## - TITLE STATEMENT
Title Civil aircraft accidents 1970
Statement of responsibility, etc. by Air Safety Directorate, Civil Aviation Department, Ministry of Tourism and Civil Aviation
260 ## - PUBLICATION, DISTRIBUTION, ETC.
Place of publication, distribution, etc. Bombay
Name of publisher, distributor, etc. Air Safety Directorate, Civil Aviation Department, Ministry of Tourism and Civil Aviation
Date of publication, distribution, etc.
300 ## - PHYSICAL DESCRIPTION
Extent 10p.
700 ## - ADDED ENTRY--PERSONAL NAME
Personal name Maharashtra. Ministry of Tourism and Civil Aviation. Civil Aviation Department. Air Safety Directorate
Holdings
Withdrawn status Lost status Damaged status Not for loan Permanent Location Current Location Date acquired Full call number Barcode Date last seen Price effective from Koha item type
        Indian Institute of Public Administration Indian Institute of Public Administration 2018-08-04 W67x54 In2/1970 GG13954 2018-08-04 2018-08-04 GG

Powered by Koha